Statistics for 日本の市町村1999 #8(四国)

Click here to take the quiz!

General Stats

  • This quiz has been taken 4 times
  • The average score is 114 of 216

Answer Stats

都道府県郡名市町村名% Correct
香川県高松市
100%
徳島県三好郡池田町
100%
徳島県鳴門市
100%
徳島県阿南市
100%
徳島県小松島市
100%
徳島県板野郡藍住町
100%
徳島県板野郡板野町
100%
高知県土佐清水市
100%
高知県室戸市
100%
高知県安芸市
100%
徳島県勝浦郡勝浦町
100%
高知県宿毛市
100%
徳島県美馬郡美馬町
100%
高知県須崎市
100%
高知県中村市
100%
高知県南国市
100%
高知県高知市
100%
香川県小豆郡池田町
100%
徳島県三好郡三好町
100%
徳島県海部郡牟岐町
100%
徳島県海部郡日和佐町
100%
愛媛県松山市
100%
愛媛県今治市
100%
愛媛県新居浜市
100%
愛媛県宇和島市
100%
愛媛県西条市
100%
愛媛県大洲市
100%
愛媛県八幡浜市
100%
愛媛県川之江市
100%
愛媛県伊予市
100%
香川県丸亀市
100%
愛媛県喜多郡内子町
100%
徳島県徳島市
100%
愛媛県喜多郡長浜町
100%
香川県観音寺市
100%
香川県仲多度郡琴平町
100%
香川県綾歌郡綾歌町
100%
香川県香川郡香川町
100%
香川県仲多度郡多度津町
100%
高知県高岡郡窪川町
100%
香川県綾歌郡宇多津町
100%
香川県坂出市
100%
香川県善通寺市
100%
香川県仲多度郡満濃町
75%
徳島県美馬郡貞光町
75%
愛媛県北条市
75%
高知県土佐市
75%
愛媛県宇摩郡土居町
75%
高知県幡多郡大月町
75%
愛媛県伊予郡松前町
75%
愛媛県南宇和郡一本松町
75%
香川県木田郡庵治町
75%
徳島県三好郡三野町
75%
徳島県美馬郡脇町
75%
愛媛県北宇和郡津島町
75%
愛媛県東予市
75%
愛媛県東宇和郡宇和町
75%
愛媛県西宇和郡伊方町
75%
愛媛県伊予三島市
75%
香川県木田郡三木町
75%
高知県安芸郡奈半利町
75%
高知県安芸郡芸西村
75%
高知県安芸郡東洋町
75%
愛媛県北宇和郡松野町
75%
徳島県阿波郡阿波町
75%
高知県安芸郡田野町
75%
徳島県名東郡佐那河内村
75%
香川県大川郡引田町
75%
高知県香美郡土佐山田町
75%
香川県小豆郡土庄町
75%
香川県小豆郡内海町
75%
香川県大川郡志度町
75%
香川県三豊郡豊浜町
75%
高知県高岡郡佐川町
75%
高知県高岡郡中土佐町
75%
徳島県名西郡石井町
75%
愛媛県周桑郡小松町
75%
愛媛県温泉郡重信町
75%
徳島県海部郡海部町
75%
徳島県板野郡北島町
75%
徳島県板野郡松茂町
75%
高知県高岡郡檮原町
75%
高知県長岡郡大豊町
75%
高知県吾川郡伊野町
75%
愛媛県越智郡伯方町
75%
愛媛県上浮穴郡久万町
75%
高知県土佐郡土佐町
75%
香川県三豊郡三野町
75%
高知県高岡郡日高村
75%
香川県三豊郡詫間町
75%
徳島県海部郡海南町
75%
高知県香美郡物部村
50%
高知県安芸郡北川村
50%
愛媛県上浮穴郡柳谷村
50%
愛媛県越智郡大三島町
50%
高知県幡多郡三原村
50%
愛媛県宇摩郡新宮村
50%
高知県幡多郡西土佐村
50%
高知県香美郡香我美町
50%
高知県香美郡野市町
50%
高知県長岡郡本山町
50%
高知県高岡郡越知町
50%
高知県土佐郡大川村
50%
高知県高岡郡仁淀村
50%
高知県幡多郡大方町
50%
高知県香美郡赤岡町
50%
愛媛県宇摩郡別子山村
50%
愛媛県南宇和郡城辺町
50%
愛媛県南宇和郡御荘町
50%
愛媛県東宇和郡野村町
50%
愛媛県西宇和郡三崎町
50%
愛媛県西宇和郡三瓶町
50%
愛媛県西宇和郡保内町
50%
高知県安芸郡安田町
50%
高知県土佐郡土佐山村
50%
高知県安芸郡馬路村
50%
徳島県美馬郡半田町
50%
香川県大川郡白鳥町
50%
徳島県三好郡西祖谷山村
50%
徳島県三好郡東祖谷山村
50%
徳島県那賀郡羽ノ浦町
50%
徳島県勝浦郡上勝町
50%
徳島県阿波郡市場町
50%
徳島県麻植郡川島町
50%
徳島県麻植郡山川町
50%
徳島県麻植郡鴨島町
50%
徳島県那賀郡鷲敷町
50%
徳島県那賀那木頭村
50%
徳島県板野郡上板町
50%
愛媛県伊予郡砥部町
50%
徳島県名西郡神山町
50%
香川県大川郡津田町
50%
香川県大川郡大川町
50%
徳島県美馬郡一宇村
50%
愛媛県喜多郡五十崎町
50%
香川県香川郡直島町
50%
香川県三豊郡高瀬町
50%
香川県仲多度郡仲南町
25%
徳島県美馬郡穴吹町
25%
香川県香川郡塩江町
25%
香川県綾歌郡綾南町
25%
香川県綾歌郡飯山町
25%
香川県綾歌郡綾上町
25%
高知県幡多郡佐賀町
25%
高知県幡多郡大正町
25%
高知県土佐郡本川村
25%
香川県大川郡長尾町
25%
徳島県板野郡土成町
25%
香川県大川郡大内町
25%
高知県吾川郡池川町
25%
高知県吾川郡吾川村
25%
高知県吾川郡吾北村
25%
高知県高岡郡東津野村
25%
高知県高岡郡大野見村
25%
高知県高岡郡葉山村
25%
徳島県三好郡三加茂町
25%
香川県三豊郡財田町
25%
高知県香美郡夜須町
25%
香川県三豊郡大野原町
25%
徳島県板野郡吉野町
25%
愛媛県伊予郡中山町
25%
愛媛県南宇和郡西海町
25%
徳島県那賀郡相生町
25%
愛媛県越智郡弓削町
25%
愛媛県越智郡吉海町
25%
愛媛県伊予郡広田村
25%
愛媛県越智郡岩城村
25%
愛媛県越智郡関前村
25%
愛媛県越智郡菊間町
25%
愛媛県越智郡魚島村
25%
徳島県海部郡宍喰町
25%
徳島県海部郡由岐町
25%
徳島県那賀郡木沢村
25%
徳島県那賀郡上那賀町
25%
愛媛県越智郡宮窪町
25%
愛媛県西宇和郡瀬戸町
25%
愛媛県伊予郡双海町
25%
愛媛県上浮穴郡面河村
25%
愛媛県温泉郡川内町
25%
愛媛県北宇和郡吉田町
25%
愛媛県温泉郡中島町
25%
愛媛県上浮穴郡小田町
25%
愛媛県越智郡大西町
25%
香川県三豊郡仁尾町
0%
香川県香川郡香南町
0%
香川県三豊郡豊中町
0%
愛媛県越智郡波方町
0%
愛媛県越智郡玉川町
0%
香川県木田郡牟礼町
0%
愛媛県上浮穴郡美川村
0%
高知県幡多郡十和村
0%
愛媛県周桑郡丹原町
0%
香川県仲多度郡琴南町
0%
香川県綾歌郡国分寺町
0%
愛媛県越智郡生名村
0%
香川県三豊郡山本町
0%
愛媛県東宇和郡明浜町
0%
徳島県三好郡井川町
0%
徳島県美馬郡木屋平村
0%
徳島県三好郡山城町
0%
愛媛県喜多郡河辺村
0%
愛媛県北宇和郡日吉村
0%
愛媛県北宇和郡広見町
0%
愛媛県北宇和郡三間町
0%
徳島県麻植郡美郷村
0%
高知県土佐郡鏡村
0%
愛媛県越智郡上浦町
0%
愛媛県東宇和郡城川町
0%
徳島県那賀郡那賀川町
0%
高知県吾川郡春野町
0%
香川県大川郡寒川町
0%
高知県香美郡香北町
0%
愛媛県南宇和郡内海村
0%
愛媛県越智郡朝倉村
0%
高知県香美郡吉川村
0%
愛媛県喜多郡肱川町
0%

Score Distribution

Percentile by Number Answered

Percent of People with Each Score

Your Score History

You have not taken this quiz